|
|
|
|
| LEADER |
01662aam a22003858a 4500 |
| 001 |
000023870 |
| 003 |
20323 |
| 005 |
20160513100538.0 |
| 008 |
160323s2015 viesd |
| 041 |
0 |
|
|a vie
|
| 082 |
0 |
4 |
|2 23
|a 398.20959749
|b TR-P
|
| 100 |
1 |
|
|a Trần Nguyễn Khánh Phong
|
| 245 |
1 |
0 |
|a Kho tàng truyện cổ các dân tộc thiểu số tỉnh Thừa Thiên Huế
|c Trần Nguyễn Khánh Phong
|n Q.1
|p Kho tàng truyện cổ các dân tộc thiểu số tỉnh Thừa Thiên Huế
|
| 260 |
|
|
|a H.
|b Khoa học xã hội
|c 2015
|
| 300 |
|
|
|a 791 tr.
|c 21 cm.
|
| 500 |
|
|
|a ĐTTS ghi: Hội Văn nghệ dân gian Việt Nam
|
| 504 |
|
|
|a thư mục tr.787-791
|
| 650 |
0 |
4 |
|2 Bộ TK TVQG
|a Văn học dân gian
|x Dân tộc thiểu số
|z Thừa Thiên Huế
|
| 650 |
0 |
4 |
|2 Bộ TK TVQG
|a Truyện cổ
|x Dân tộc thiểu số
|z Thừa Thiên Huế
|
| 651 |
|
7 |
|2 Bộ TK TVQG
|a Thừa Thiên-Huế
|
| 653 |
|
|
|a Văn học dân gian
|
| 653 |
|
|
|a Dân tộc thiểu số
|
| 653 |
|
|
|a Truyện cổ
|
| 655 |
|
7 |
|2 Bộ TK TVQG
|a Truyện cổ
|
| 773 |
|
|
|d Khoa học xã hội
|d H.
|d 2015
|t Kho tàng truyện cổ các dân tộc thiểu số tỉnh Thừa Thiên Huế
|w 20126
|
| OWN |
|
|
|a LSP
|
| AVA |
|
|
|a UDN50
|b LSP
|d 398.20959749 TR-P
|e available
|t Error 5001 Not defined in file expand_doc_bib_avail.
|f 1
|g 0
|h N
|i 0
|k 1
|
| 999 |
|
|
|a From the UDN01
|
| AVA |
|
|
|a UDN50
|b LSP
|d 398.20959749 TR-P
|e available
|t Error 5001 Not defined in file expand_doc_bib_avail.
|f 1
|g 0
|h N
|i 0
|k 1
|
| TYP |
|
|
|a Monograph
|
| TYP |
|
|
|a Printed language
|
| 980 |
|
|
|a Mạng thư viện Đại học Đà Nẵng
|